000 00928pam a2200265 a 4500
001 2052693
003 OSt
005 20240626104702.0
008 931018s1994 mauab b 001 0 eng
010 _a 93041589
020 _a0865421447
040 _aDLC
_cDLC
_dDLC
050 0 0 _aSK355
_b.C38 1994
082 0 0 _a639.9 CAU 1994
_220
100 1 _aCaughley, Graeme; Sinclair, Anthony. R. E.
_98493
245 1 0 _aWildlife Ecology and Management
260 _aBoston :
_bBlackwell Scientific Publications,
_c1994.
300 _ax, 334 p. :
_bill., maps ;
_c26 cm.
504 _aIncludes bibliographical references (p. 305-324) and index.
650 0 _aWildlife management.
_98494
650 0 _aEcology.
_9984
906 _a7
_bcbc
_corignew
_d1
_eocip
_f19
_gy-gencatlg
942 _2ddc
_cSLOAN
999 _c3873
_d3873